| 000 | 00449nam a2200145Ia 4500 | ||
|---|---|---|---|
| 008 | 230917s9999||||xx |||||||||||||| ||und|| | ||
| 040 |
_e172384 _aMAIN |
||
| 041 | _aEnglish | ||
| 082 | _a891.437731 JR199K | ||
| 100 | _aजैन, राजेश | ||
| 245 | 0 | _aकोयला चला हंस की चाल | |
| 260 |
_aनई दिल्ली _bराधाकृष्ण प्रकाशन _c1998 |
||
| 300 | _a75 p. | ||
| 942 | _cHN | ||
| 999 |
_c102199 _d102199 |
||